000 00452nam a2200157Ia 4500
003 SGT
020 _a9788120314870
082 _a621.395
_bIBR
100 _aIbrahim, Ahmad M.
245 _aIntroduction to applied fuzzy electronics
260 _bPHI Learning Private Limited
_aNew Delhi
_c2011
300 _a192p.
650 _aELECTRONICS
653 _aINTRODUCTION,SETS,BOOLEAN LOGIC AND ALGEBRA,FUZZY SETS,FUZZY LOGIC AND ALGEBRA,
942 _2ddc
_cBK
999 _c5556
_d5556